000 00989nam a22002657a 4500
003 CBULib
005 20240813074152.0
008 230817b |||||||| |||| 00| 0 eng d
040 _aCBULib
_bEnglish
_cCBULib
_erda
041 _aeng
050 _aBRE(05)CP/7/82
100 _9613
_aSewell, E.C.
110 _aBuilding Research Establishment (BRE)
_9590
245 _aBuilding research establishment current paper : field measurements of the effect of plastered lightweight masonry inner leaves on the sound insulation of plastered brick and dense blockwork party walls
_c/ by Building Research Establishment(BRE)
260 _bBuilding Research Establishment,
_c[1982]
_aWatford :
300 _a12 pages : illustrations
336 _2rdacontent
_aText |
_btxt
337 _2rdamedia
_aUnmediated |
_bn
338 _2rdacarrier
_aVolume
_bnc
650 0 _9614
_aBUILDING
650 0 _9615
_aMASONRY
700 1 _9616
_aAlphey, R. S.
700 _9617
_aSavage, J.E.
942 _2mc
_c029
999 _c81271
_d81271